000 00287nam a22001097a 4500
020 _a978-1-63989-553-3
040 _adlc
_cdlc
_ddlc
_edlc
082 _262904
_bCUS
245 _aUrban Transport Systems and Technology by Julian Custer
260 _aStates Academic Press
942 _2ddc
_cBK
999 _c613646
_d613646